LEADER 01328nam a2200277 u 4500 001 000000027649 003 CaOOAMICUS 005 20070226111719.0 008 960123s1935 it u000 u lat u 035 $a10718927 040 $aPUL$bita 100 1 $aLaberge, Damasus,$cO.F.M.$0(OLS)http://pul/name/22588 245 10$aFr. Petri Ioannis Olivi, O.F.M. tria scripta sui ipsius apologetica :$bannorum 1283-1285. 260 $aFirenze :$bQuaracchi,$c1935. 300 $a154 p.; ;$c25 cm 500 $aExstractum ex periodico Archivum Franciscanum Historicum, XXVIII, fasc. I-IV, 1935.$aComprende indici. 504 $aBibliografia in nota a fondo pagina. 600 04$aOlivus, Petrus Ioannes,$cO.F.M.$0(OLS)http://pul/subject/15936 650 4$aApologetica$xAutori cattolici.$0(OLS)http://pul/subject/3141 650 4$aApologetica$xStoria$ySec. XIII.$0(OLS)http://pul/subject/15937 850 $aPUL 852 $aPUL$W1$xDP1 Fondo Maccarrone$y58$m1503 D 3$j38494$nBK-PRI$b $qFondi$B38494$CPULBib$Z2$F38494 $H $81 941 1 $a1 961 $aINV: 00952 -- Fondo Mons. M. Maccarrone 996 $6245$aFr. Petri Ioannis Olivi, O.F.M. tria scripta sui ipsius apologetica :$bannorum 1283-1285$9(OLS)http://pul/title/37802 996 $6260$aFirenze :$bQuaracchi$9(OLS)http://pul/publisher/50365 LEADER 01134nam a2200289 a 4500 001 000000162696 003 CaOOAMICUS 005 20170918095659.0 008 170918s2017 it u000 u ita r 020 $a9788898134304* 032 $aLibriCat 040 $aPUL$bita 082 04$a195 100 1 $aGiletta, Giovanni.$0(OLS)http://pul/name/104415 245 10$aFilosofia hegeliana e religione. Osservazioni su Sebastiano Maturi / $cGiovanni Giletta. 260 $a[S.l.] :$bNatan,$cİ2017. 300 $a82 p. ;$c24 cm. 504 $aBibliografia in nota. 650 4$aIdealismo$zItalia.$0(OLS)http://pul/subject/23983 850 $aPUL 852 $aPUL$W1$xDP2 Filosofia 3$y112$m195 GILGI 1$j186673$qDDC 21$B189917$CPULBib$Z2$F189917 $H130082 $81 941 1 $a9 996 $6020$a9788898134304*$9(OLS)http://pul/number/163091 996 $6082$a195$9(OLS)http://pul/classification/342 996 $6245$aFilosofia hegeliana e religione. Osservazioni su Sebastiano Maturi / $9(OLS)http://pul/title/202449 996 $6260$a[S.l.] :$bNatan$9(OLS)http://pul/publisher/86432